| 000 | 01491cam a2200469 4500 | ||
|---|---|---|---|
| 003 | PE-LiUPU | ||
| 005 | 20250731173018.0 | ||
| 008 | 1999 miu b eng | ||
| 020 | _a0802846246 | ||
| 035 | _a(Sirsi) i9780802846242 | ||
| 035 | _a(Sirsi) 23995 | ||
| 035 | _a(Sirsi) 23995 | ||
| 041 | _aen | ||
| 044 | _aus | ||
| 082 | 0 | 4 |
_a232.1 _bK65 |
| 100 | 1 | _aKnight, George Angus Fulton | |
| 245 |
_aChrist the center / _cGeorge A.F. Knight. |
||
| 264 | 1 |
_aGrand Rapids, Michigan : _bWilliam B. Eerdmans Publishing Co., _c1999 |
|
| 300 |
_a88 páginas ; _c23 centímetros |
||
| 504 | _aIncluye bibliografía | ||
| 505 | 0 | _aThe Hebrew Mind -- The being of God -- The Unity that is trinity -- The incarnation of Christ -- The resurrection -- The church -- Epilogue. | |
| 526 | _aSEG42 | ||
| 526 | _aSEG41 | ||
| 526 | _aSEG40 | ||
| 526 | _aSEG39 | ||
| 526 | _aP94 | ||
| 526 | _aP87 | ||
| 526 | _aP86 | ||
| 526 | _aP85 | ||
| 526 | _aP77 | ||
| 526 | _aP76 | ||
| 526 | _aP35 | ||
| 600 | 0 |
_aJesucristo _xPersona y oficio |
|
| 630 |
_aBiblia _pA.T. _xFilosofía |
||
| 650 | 1 | 4 | _aDualismo |
| 942 |
_2ddc _cBOOK |
||
| 949 |
_a232.1 K65 _i47355 _lPOSTGRADO _mBUL _tLIBRO _o.STAFF. Colección Teología |
||
| 910 | _aaj-op | ||
| 596 | _a1 | ||
| 999 |
_a232.1 K65 _wDEWEY _c23908 _i47355 _f2021-11-10 _g5 _lCCODEBUL1 _mBUL _p30.00 _r0 _sY _tBOOK _u2015-6-24 _xTEOLOGIA _PP35 _0COMPRA _o.STAFF. Colección Teología _d23908 |
||
| 980 |
_81 _gALBERTO SANCHEZ Responsable de Automatización |
||